Los materiales didácticos: criterios para selección, elaboración y uso
Uloženo v:
| Hlavní autor: | |
|---|---|
| Médium: | Kniha |
| Jazyk: | španělština |
| Vydáno: |
Santiago
Centro Latinoamericano de Educación de Adultos
1977
|
| Témata: | |
| Tagy: |
Přidat tag
Žádné tagy, Buďte první, kdo vytvoří štítek k tomuto záznamu!
|
MARC
| LEADER | 00000nam a2200000 a 4500 | ||
|---|---|---|---|
| 001 | UCY8497 | ||
| 003 | CL-VaPUC | ||
| 008 | 950703e19771000CL |||||||||||||||||spa|d | ||
| 082 | 0 | 4 | |a 371.3078 |b CER |2 21 |
| 100 | 0 | |a Cerda Palma, Juan |e author |9 339915 | |
| 245 | 1 | 4 | |a Los materiales didácticos: criterios para selección, elaboración y uso |
| 300 | |a 27 p | ||
| 942 | |c BK | ||
| 945 | |d 19950703 00:00:00 |a mfernand | ||
| 260 | |a Santiago |b Centro Latinoamericano de Educación de Adultos |c 1977 | ||
| 650 | 7 | |a MATERIAL Y EQUIPO DIDACTICOS |2 CL-VaPUC |9 309109 | |
| 650 | 0 | |a Material visual |9 327831 | |
| 650 | 7 | |a MATERIAL AUDIOVISUAL |2 CL-VaPUC |9 308466 | |
| 650 | 7 | |a GRABACIONES |2 CL-VaPUC |9 339895 | |
| 650 | 0 | |a Tecnología educacional |9 307265 | |
| 583 | |a last modification |c 19950703 00:00:00 |k Rodrigo Vera | ||
| 999 | |c 235735 |d 235733 | ||
| 952 | |0 0 |1 0 |4 0 |6 371_307800000000000_CER_1977 |7 0 |8 P |9 243338 |a BIBEDU |b BIBEDU |c BIBEDU_PB |d 2019-11-18 |i 1528424 |o 371.3078 CER 1977 |p 1528424 |r 2024-01-25 |w 2019-11-18 |y BK |k EDU | ||